Harry Potter oder Der Herr der Ringe / Der Hobbit - Statistiken

Allgemein
  • Dieses Quiz wurde 2.808 mal gespielt
  • Das Durchschnittsergebnis liegt bei 11 aus 15
Antwortstatistiken
Frage Antwort % Korrekt
Beinhaltet auf Besen fliegende Zauberer Harry Potter
99%
Beinhaltet Elben Der Herr der Ringe / Der Hobbit
98%
Wurde von J. K. Rowling erschaffen. Harry Potter
98%
Beinhaltet Gegenstände, die den Träger unsichtbar machen Beide
91%
Entstand früher Der Herr der Ringe / Der Hobbit
90%
War ursprünglich eine Buchreihe Beide
89%
Beinhaltet Drachen und Trolle Beide
85%
Beinhaltet einen nicht-menschlichen Hauptantagonisten Der Herr der Ringe / Der Hobbit
76%
Chris Columbus führte bei einem der Filme Regie Harry Potter
75%
Beinhaltet Gegenstände, in die der Antagonist einen Teil von sich selbst aufbewahrt und damit einen schlechten Einfluss auf die Träger der Gegenstände ausübt Beide
67%
Gary Oldman spielte in einem der Filme mit Harry Potter
67%
Spielte mehr an den Kinokassen ein Harry Potter
56%
Hat Filmmusik von John Williams Harry Potter
49%
Es gibt einen Auserwählten, der den Antagonisten am Ende besiegen soll Harry Potter
33%
Ist im Besitz von Warner Bros. Beide
27%
Keine übereinstimmenden Quizze gefunden
Verteilung der Resultate
Anzahl Personen mit jedem Resultat
Perzentil nach korrekt beantworteten Fragen
Ihre Resultats-Entwicklung
Sie haben dieses Quiz noch nicht gespielt